000 00751nam a2200229 a 4500
001 000020510
005 20200930011124.0
008 100322s2004 cu 000 0 spa d
020 _a9592588023
040 _aDO-SdBNP
_bspa
_cBNPHU
082 _axxxx
_bxxx
245 0 0 _aEstudios métricos de la información /
_ccompiladora Ailín Martínez Rodríguez.
260 _aLa Habana, Cuba :
_bFéliz Varela,
_c2004.
300 _a208 p. ;
_c24 cm.
490 0 _aColectivo de autores
490 0 _aSelección de lecturas
504 _aBibliografía p: 207-208
500 _aIncluye notas a pie de páginas
700 1 _aMartínez Rodríguez, Ailín
_ecomp.
_943223
830 0 _aColectivo de autores
_943219
830 0 _aSelección de lecturas
_943201
999 _c20014
_d20014